000 00555cam a22002171 4500
001 ne 63000998
003 DLC
005 20260227111745.0
008 890316q19601963xx 000 0 ara
010 _ane 63000998
035 _a(OCoLC)23523956
040 _aDLC
_cMiU
_dDLC
042 _apremarc
050 0 0 _aHX550.M7
_bS47
100 1 _aSharabāṣī, al-Saʻīd al-Shirbīnī.
245 1 0 _aMabādiʼ al-ishtirākīyah fī al-Islām.
260 _c[196-]
300 _a85 p.
_c24 cm.
500 _aRomanized.
650 0 _aSocialism and Islam
999 _c45894
_d45894